The mainstream law reports : MLR : a monthly legal journal. Volume IX /

Bibliografiske detaljer
Corporate Authors: Bangladesh. Supreme Court. High Court Division, Bangladesh. Supreme Court. Appellate Division
Andre forfattere: Abu Bakar, Khondaker Muhammad
Format: Bog
Sprog:English
Bengali
Udgivet: Dhaka : Shahanaj Khondaker, 2004-
Fag:
Classic Catalogue: View this record in Classic Catalogue
LEADER 01509nam a2200337 4500
001 0021018
003 BD-DhAAL
008 101031s2004 bg mr p g w 0 0eng d
040 |a BD-DhAAL  |c BD-DhAAL 
041 0 |a eng  |a ben 
082 0 0 |a 348.5492/046 
245 0 4 |a The mainstream law reports :  |b MLR : a monthly legal journal.  |n Volume IX /  |c edited by Khondaker Md. Abu Bakar. 
246 3 0 |a MLR 
260 |a Dhaka :  |b Shahanaj Khondaker,   |c 2004- 
300 |a v. ;  |c 25 cm 
310 |a Monthly, with an annual cumulation 
362 0 |a Vol. 9 (2004)- 
500 |a Comprises four sections: Supreme Court of Bangladesh Appellate Division decisions, High Court Division decisions, Bangladesh statutes, and journal; each section paged separately, consecutively for the year. 
500 |a Cumulated in an annual bound volume. 
500 |a Latest issue consulted: Vol. 9, 2004 
541 |e 00021018 
546 |a In English; includes some text in Bengali. 
650 0 |a Law reports, digests, etc.   |z Bangladesh. 
650 0 |a Law   |z Bangladesh   |v Periodicals. 
700 1 |a Abu Bakar, Khondaker Muhammad.  |9 59442 
710 1 |a Bangladesh.   |b Supreme Court.   |b High Court Division.  |9 3854 
710 1 |a Bangladesh.   |b Supreme Court.   |b Appellate Division.  |9 3855 
852 4 |a Ayesha Abed Library 
942 |2 ddc  |c 1HOUR 
999 |c 9972  |d 9972 
952 |0 0  |1 0  |2 ddc  |4 0  |6 348_549204600000000_MAI_2004  |7 0  |9 12947  |a BRACUL  |b BRACUL  |c REF  |d 2010-10-31  |l 2  |o 348.5492046 MAI  |p 3010021018  |r 2017-03-16  |s 2017-03-16  |t 1  |w 2010-10-31  |y 1HOUR